000 00639nam a22002177a 4500
005 20170124110236.0
010 _a047019
020 _c00.00
035 _a047019
037 _bCen Lib/Ret
040 _aDPL
_bEN
082 _a758
_bSQU
100 _aSquirrell, Leonard R.
_942105
245 _aLandscape painting in pastel /
_cby Leonard R.Suirrell
260 _aLondon
_bSir Isaac Pitman & Sons
_c1947
270 _aPitman House, Parker Street, Kingsway
_bLondon
300 _avi,53p. :
_c25cm(Hb)
_bill.
650 _aPastel drawing
_942106
650 _aLandscape painting
_942107
942 _2ddc
_cEN
_h758
_mSQU
999 _c134901
_d134901